[Event "Mulhouse FIDE"]
[Site "Mulhouse"]
[Date "2002.07.15"]
[Round "9"]
[White "Joguet, Boris"]
[Black "Riff, Vincent"]
[Result "1/2-1/2"]
[WhiteElo "2081"]
[BlackElo "2120"]
[PlyCount "30"]
[EventDate "2002.??.??"]
[EventType "tourn"]
[EventRounds "11"]
[EventCountry "FRA"]
[SourceTitle "EXT 2003"]
[Source "ChessBase"]
[SourceDate "2002.11.25"]
[SourceVersion "1"]
[SourceVersionDate "2002.11.25"]
[SourceQuality "1"]

1. e4 c5 2. Nf3 Nc6 3. d4 cxd4 4. Nxd4 Nf6 5. Nc3 e5 6. Ndb5 d6 7. Bg5 a6 8. Na3 b5 9. Nd5 Be7 10. Nxe7 Nxe7 11. Bxf6 gxf6 12. c4 Qa5+ 13. Qd2 Qxd2+ 14. Kxd2 b4 15. Nc2 a5 1/2-1/2

[Event "Le Touquet op 16th"]
[Site "Le Touquet"]
[Date "2001.10.30"]
[Round "6"]
[White "Bernard, Christophe"]
[Black "Joguet, Boris"]
[Result "1-0"]
[WhiteElo "2381"]
[BlackElo "2131"]
[PlyCount "49"]
[EventDate "2001.10.27"]
[EventType "swiss"]
[EventRounds "9"]
[EventCountry "FRA"]
[SourceTitle "EXT 2002"]
[Source "ChessBase"]
[SourceDate "2001.11.25"]
[SourceVersion "1"]
[SourceVersionDate "2001.11.25"]
[SourceQuality "1"]

1. d4 Nf6 2. Nf3 d5 3. c4 e6 4. g3 c6 5. Qc2 Ne4 6. Bg2 f5 7. 0-0 Bd6 8. b3 0-0 9. Ba3 Bxa3 10. Nxa3 Qe7 11. Qb2 Nd7 12. b4 a6 13. c5 g5 14. Nc2 f4 15. Nce1 fxg3 16. hxg3 h5 17. Nd3 h4 18. gxh4 gxh4 19. Kh2 Kh8 20. Rh1 Rf6 21. Kg1 Rh6 22. Qc1 Qh7 23. Qf4 h3 24. Nde5 Nxe5 25. Qf8+ 1-0